Normal view
MARC view
- السياسيين-الثوره العربيه الكبرى-التراجم-التاريخ العربي-البلدان العربيه
Entry Topical Term
001 - CONTROL NUMBER
- control field: 57526
003 - CONTROL NUMBER IDENTIFIER
- control field: JO-AjAnu
005 - DATE AND TIME OF LATEST TRANSACTION
- control field: 20230606083423.0
008 - FIXED-LENGTH DATA ELEMENTS
- fixed length control field: 230606|| aca||aabn | a|a d
040 ## - CATALOGING SOURCE
- Original cataloging agency: JO-AjAnu
- Transcribing agency: JO-AjAnu
150 ## - HEADING--TOPICAL TERM
- Topical term or geographic name entry element: السياسيين-الثوره العربيه الكبرى-التراجم-التاريخ العربي-البلدان العربيه
670 ## - SOURCE DATA FOUND
- Source citation: Work cat.: (JO-AjAnu)29353: تاليف البطوش، بسام, author 57525, رفيق العظم مفكرا ومصلحا: دراسه في فكره ودوره في الحركه الاصلاحيه العربيه